[Event "CZE-chT2B 2223"]
[Site "Czech Republic"]
[Date "2022.12.04"]
[Round "4.8"]
[White "Nudcenko, Karel"]
[Black "Papay, Marek"]
[Result "1-0"]
[WhiteElo "1964"]
[BlackElo "1993"]
[PlyCount "63"]
[EventDate "2022.10.16"]
[EventType "team-tourn"]
[EventRounds "11"]
[EventCountry "CZE"]
[SourceTitle "EXT 2024"]
[Source "ChessBase"]
[SourceDate "2023.10.10"]
[SourceVersion "1"]
[SourceVersionDate "2023.10.10"]
[SourceQuality "1"]
[WhiteTeam "Udlice"]
[BlackTeam "Decin"]
[WhiteTeamCountry "CZE"]
[BlackTeamCountry "CZE"]

1. e4 c6 2. Nf3 d5 3. Nc3 d4 4. Ne2 c5 5. c3 Nc6 6. cxd4 cxd4 7. Qa4 d3 8. Ned4 Bd7 9. Bxd3 a6 10. Qb3 Na5 11. Qd1 Qc7 12. 0-0 e5 13. Nc2 Nf6 14. b3 Rd8 15. Bb2 Bd6 16. Ne3 b5 17. Rc1 Qb8 18. Qe2 0-0 19. Bb1 Rfe8 20. Rfd1 Qb7 21. d3 h6 22. h3 Nh5 23. Nd5 Bc6 24. g4 Bxd5 25. gxh5 Bc6 26. Kh2 b4 27. Rg1 Bb5 28. Nh4 Bd7 29. Qf3 Nc6 30. Rxg7+ Kxg7 31. Rg1+ Bg4 32. Rxg4+ 1-0

[Event "EUR-ch Seniors 50"]
[Site "Prague"]
[Date "2021.09.05"]
[Round "7.1"]
[White "Nudcenko, Karel"]
[Black "Langner, Ladislav"]
[Result "1/2-1/2"]
[WhiteElo "2033"]
[BlackElo "2380"]
[PlyCount "76"]
[EventDate "2021.08.30"]
[EventType "team-tourn"]
[EventRounds "9"]
[EventCountry "CZE"]
[SourceTitle "CBM 204 Extra"]
[Source "ChessBase"]
[SourceDate "2021.11.30"]
[SourceVersion "1"]
[SourceVersionDate "2021.11.30"]
[SourceQuality "1"]
[WhiteTeam "Udlice Sokol 50"]
[BlackTeam "1960 69 50"]
[WhiteTeamCountry "CZE"]
[BlackTeamCountry "CZE"]

1. e4 c5 2. c3 Nf6 3. e5 Nd5 4. Nf3 Nc6 5. d4 cxd4 6. cxd4 d6 7. Be2 dxe5 8. Nxe5 g6 9. 0-0 Bg7 10. Nxc6 bxc6 11. Nc3 0-0 12. Nxd5 Qxd5 13. Be3 Bf5 14. Qa4 Rfb8 15. b3 Be4 16. f3 Bf5 17. Rac1 Bd7 18. Rc5 Qe6 19. Kf2 Qd6 20. g3 a5 21. a3 Be6 22. Rb1 Qd8 23. Kg2 Bd5 24. Bc4 e6 25. Bxd5 cxd5 26. Rbc1 Bf8 27. Rc7 Qe8 28. Qxe8 Rxe8 29. a4 Reb8 30. Rd7 Rc8 31. Rcc7 Rxc7 32. Rxc7 Rb8 33. Rc3 Bb4 34. Rc7 Bf8 35. Rc3 f6 36. Bf4 Rb7 37. Rc8 Kf7 38. Rc7+ Rxc7 1/2-1/2

[Event "CZE-chT2B 1920"]
[Site "Czech Republic"]
[Date "2020.06.28"]
[Round "11.6"]
[White "Jenicek, Emil"]
[Black "Nudcenko, Karel"]
[Result "1/2-1/2"]
[WhiteElo "2016"]
[BlackElo "2033"]
[PlyCount "42"]
[EventDate "2019.10.13"]
[EventType "team-tourn"]
[EventRounds "11"]
[EventCountry "CZE"]
[SourceTitle "EXT 2024"]
[Source "ChessBase"]
[SourceDate "2023.10.10"]
[SourceVersion "1"]
[SourceVersionDate "2023.10.10"]
[SourceQuality "1"]
[WhiteTeam "Teplice"]
[BlackTeam "Udlice"]
[WhiteTeamCountry "CZE"]
[BlackTeamCountry "CZE"]

1. Nf3 d5 2. d4 Nf6 3. c4 e6 4. Nc3 c6 5. Bg5 h6 6. Bxf6 Qxf6 7. e3 Nd7 8. Be2 Bd6 9. e4 dxe4 10. Nxe4 Bb4+ 11. Ned2 0-0 12. 0-0 b6 13. a3 Bxd2 14. Qxd2 Bb7 15. b4 Rad8 16. Qe3 Rfe8 17. Ne5 c5 18. bxc5 bxc5 19. Nxd7 Rxd7 20. dxc5 Rc8 21. Rab1 Bc6 1/2-1/2

[Event "WchT Seniors 50"]
[Site "Prague"]
[Date "2020.03.11"]
[Round "6.1"]
[White "Schulz, Petra"]
[Black "Nudcenko, Karel"]
[Result "1-0"]
[WhiteElo "2027"]
[BlackElo "2004"]
[PlyCount "65"]
[EventDate "2020.03.06"]
[EventType "team-swiss"]
[EventRounds "7"]
[EventCountry "CZE"]
[SourceTitle "CBM 195 Extra"]
[Source "ChessBase"]
[SourceDate "2020.05.31"]
[SourceVersion "1"]
[SourceVersionDate "2020.05.31"]
[SourceQuality "1"]
[WhiteTeam "Germany 50 (W) II"]
[BlackTeam "Czech Republic 50 XI"]
[WhiteTeamCountry "GER"]
[BlackTeamCountry "CZE"]

1. e4 c5 2. Nc3 Nc6 3. g3 d6 4. Bg2 Nf6 5. d3 e5 6. Nh3 Be7 7. 0-0 Bd7 8. f4 Qc8 9. f5 h5 10. Ng5 Qd8 11. h3 Nd4 12. Ne2 Nxe2+ 13. Qxe2 Ng8 14. Nf3 Nf6 15. c3 Bc6 16. Be3 Qc7 17. Ng5 Qd8 18. Rf2 d5 19. Rd1 d4 20. Bc1 Nd7 21. Nf3 Nf6 22. Nxe5 Bb5 23. c4 Ba6 24. Nf3 Nd7 25. e5 f6 26. Re1 Nf8 27. Qe4 Rc8 28. Nh4 Rc7 29. Bf4 Rc6 30. Rfe2 Kd7 31. exf6 Bxf6 32. Qd5+ Kc8 33. Re8 1-0

[Event "WchT Seniors 50"]
[Site "Prague"]
[Date "2020.03.06"]
[Round "1.12"]
[White "Nudcenko, Karel"]
[Black "Matveeva, Svetlana"]
[Result "0-1"]
[WhiteElo "2004"]
[BlackElo "2375"]
[PlyCount "82"]
[EventDate "2020.03.06"]
[EventType "team-swiss"]
[EventRounds "7"]
[EventCountry "CZE"]
[SourceTitle "CBM 195 Extra"]
[Source "ChessBase"]
[SourceDate "2020.05.31"]
[SourceVersion "1"]
[SourceVersionDate "2020.05.31"]
[SourceQuality "1"]
[WhiteTeam "Czech Republic 50 XI"]
[BlackTeam "Russia 50 II"]
[WhiteTeamCountry "CZE"]
[BlackTeamCountry "RUS"]

1. e4 g6 2. d4 Bg7 3. Be3 Nf6 4. f3 d6 5. Nc3 a6 6. Qd2 Nc6 7. 0-0-0 h5 8. h4 e5 9. d5 Ne7 10. Nh3 Bxh3 11. Rxh3 Qd7 12. g3 Nh7 13. Rh2 f5 14. Bh3 Nf6 15. Bg5 0-0-0 16. Rg1 Kb8 17. Kb1 Rdf8 18. Qe2 Bh6 19. f4 exf4 20. gxf4 Ng4 21. Bxg4 fxg4 22. e5 dxe5 23. Qxe5 Nf5 24. Bxh6 Rxh6 25. Ne4 Rhh8 26. Nc5 Qb5 27. Ne6 Qb6 28. Re1 Re8 29. Qf6 Rhg8 30. c4 Qb4 31. Rc1 Qe7 32. Qe5 Qd6 33. Rc3 Qxe5 34. fxe5 Rxe6 35. dxe6 Re8 36. Rd3 Rxe6 37. Rd8+ Ka7 38. Rg8 g3 39. Rg2 Rxe5 40. Kc1 Re4 41. Rxg6 Nxh4 0-1

[Event "CZE-chT2B 1819"]
[Site "Czech Republic"]
[Date "2019.03.31"]
[Round "11.6"]
[White "Nudcenko, Karel"]
[Black "Huttner, Milos"]
[Result "1-0"]
[WhiteElo "2045"]
[BlackElo "2016"]
[PlyCount "133"]
[EventDate "2018.10.14"]
[EventType "team-tourn"]
[EventRounds "11"]
[EventCountry "CZE"]
[SourceTitle "EXT 2022"]
[Source "ChessBase"]
[SourceDate "2021.10.06"]
[SourceVersion "1"]
[SourceVersionDate "2021.10.06"]
[SourceQuality "1"]
[WhiteTeam "Udlice"]
[BlackTeam "Karlovy Vary Tietz II"]
[WhiteTeamCountry "CZE"]
[BlackTeamCountry "CZE"]

1. e4 e6 2. d4 d5 3. e5 c5 4. c3 Nc6 5. Nf3 Qb6 6. Bd3 cxd4 7. cxd4 Bd7 8. 0-0 Nxd4 9. Nxd4 Qxd4 10. Nc3 Qb6 11. Kh1 Ne7 12. Qe2 h5 13. f4 g6 14. Be3 Qa5 15. Nb5 Nf5 16. Rfc1 Bc6 17. Bf2 a6 18. Nd6+ Nxd6 19. exd6 Bxd6 20. Bxg6 Bd7 21. Bxh5 Ke7 22. f5 e5 23. f6+ Kf8 24. Bg4 Bc6 25. Bf5 Qb4 26. Bg3 Rc8 27. a3 Qb3 28. Qg4 Rg8 29. Qh4 Rb8 30. Bh7 Rh8 31. Qh6+ Ke8 32. Qg7 Rf8 33. Rc2 d4 34. Re1 d3 35. Rd2 Kd7 36. Qg4+ Kc7 37. Bxd3 Rbe8 38. Qf5 Qe6 39. Rde2 Qxf5 40. Bxf5 Bb5 41. Re3 Kb6 42. b4 Bc6 43. Be4 Re6 44. Bxc6 Kxc6 45. Bxe5 Bxe5 46. Rxe5 Rxf6 47. Rc5+ Kb6 48. Kg1 Rd8 49. Rf1 Rxf1+ 50. Kxf1 Rd1+ 51. Ke2 Ra1 52. Rc3 Kb5 53. h4 Ka4 54. h5 Rh1 55. Rh3 Rc1 56. h6 Rc8 57. g4 b5 58. g5 Rh8 59. Rf3 Rh7 60. Kf2 a5 61. bxa5 Kxa5 62. Kg3 b4 63. axb4+ Kxb4 64. Kg4 Kc5 65. Kf5 Kd6 66. Kf6 Kd7 67. Re3 1-0

[Event "CZE-chT2B 1819"]
[Site "Czech Republic"]
[Date "2019.02.10"]
[Round "8.7"]
[White "Kozak, Karel"]
[Black "Nudcenko, Karel"]
[Result "0-1"]
[WhiteElo "1892"]
[BlackElo "2045"]
[PlyCount "82"]
[EventDate "2018.10.14"]
[EventType "team-tourn"]
[EventRounds "11"]
[EventCountry "CZE"]
[SourceTitle "EXT 2022"]
[Source "ChessBase"]
[SourceDate "2021.10.06"]
[SourceVersion "1"]
[SourceVersionDate "2021.10.06"]
[SourceQuality "1"]
[WhiteTeam "Louny Union"]
[BlackTeam "Udlice"]
[WhiteTeamCountry "CZE"]
[BlackTeamCountry "CZE"]

1. Nf3 Nf6 2. g3 g6 3. Bg2 Bg7 4. 0-0 d5 5. d3 0-0 6. Nbd2 b6 7. Ne5 Bb7 8. d4 Nbd7 9. Ndf3 Ne4 10. c3 c5 11. Nxd7 Qxd7 12. Ne5 Qe6 13. f3 Nd6 14. dxc5 bxc5 15. Nd3 Qc8 16. Bf4 Re8 17. Bxd6 exd6 18. Nf4 d4 19. Rc1 Re3 20. c4 Qe8 21. Rc2 a5 22. Kh1 Qe7 23. Rd2 Re8 24. Rf2 g5 25. Nd5 Bxd5 26. cxd5 c4 27. Qa4 c3 28. bxc3 dxc3 29. Rc2 Qb7 30. f4 gxf4 31. gxf4 Qb6 32. Bf3 Kf8 33. Kg2 Qd4 34. Qxd4 Bxd4 35. Rf1 Rb8 36. Rd1 Rb2 37. Rdc1 Ke7 38. Rxb2 cxb2 39. Rc7+ Ke8 40. Rb7 a4 41. Kf1 Rb3 0-1

[Event "CZE-chT2B 1819"]
[Site "Czech Republic"]
[Date "2018.11.18"]
[Round "3.7"]
[White "Nudcenko, Karel"]
[Black "Dvorak, Jan"]
[Result "1/2-1/2"]
[WhiteElo "2045"]
[BlackElo "2206"]
[PlyCount "120"]
[EventDate "2018.10.14"]
[EventType "team-tourn"]
[EventRounds "11"]
[EventCountry "CZE"]
[SourceTitle "EXT 2022"]
[Source "ChessBase"]
[SourceDate "2021.10.06"]
[SourceVersion "1"]
[SourceVersionDate "2021.10.06"]
[SourceQuality "1"]
[WhiteTeam "Udlice"]
[BlackTeam "Kobylisy"]
[WhiteTeamCountry "CZE"]
[BlackTeamCountry "CZE"]

1. e4 e6 2. d4 d5 3. e5 c5 4. c3 Nc6 5. Nf3 Qb6 6. Bd3 cxd4 7. cxd4 Bd7 8. 0-0 Nxd4 9. Nxd4 Qxd4 10. Nc3 Qxe5 11. Re1 Qb8 12. Nxd5 Bd6 13. Qh5 Kf8 14. Nc3 Nf6 15. Qh4 h6 16. Be3 Bc6 17. Rad1 Qc7 18. Nb5 Bxb5 19. Bxb5 Nd5 20. Bd4 Qe7 21. Qe4 Qg5 22. h4 Qf4 23. Qxf4 Bxf4 24. Bc5+ Kg8 25. Bc4 Nf6 26. Be7 Rc8 27. b3 b5 28. Bxb5 Nd5 29. g3 Bb8 30. Ba3 Kh7 31. Bd3+ g6 32. h5 Nc3 33. Rd2 Rhd8 34. hxg6+ Kg8 35. gxf7+ Kxf7 36. Bc4 Rxd2 37. Bxe6+ Kf6 38. Bxc8 Rxa2 39. Be7+ Kf7 40. Bg4 Ne2+ 41. Bxe2 Kxe7 42. Bc4+ Kf6 43. Re6+ Kg7 44. Kg2 Rd2 45. Re7+ Kf6 46. Rh7 Kg6 47. Rb7 Bd6 48. Rxa7 Rxf2+ 49. Kh3 Rd2 50. Rb7 Rd4 51. Kg2 Kf6 52. Kf3 Be5 53. Rh7 Kg6 54. Re7 Bb8 55. Rb7 Be5 56. Rb6+ Kg5 57. Bf7 Rd6 58. Rb5 Kf6 59. Bc4 Rd4 60. Rb6+ Kg5 1/2-1/2

[Event "CZE-chT2B 1819"]
[Site "Czech Republic"]
[Date "2018.11.04"]
[Round "2.7"]
[White "Janda, Zdenek"]
[Black "Nudcenko, Karel"]
[Result "0-1"]
[WhiteElo "2095"]
[BlackElo "2045"]
[PlyCount "42"]
[EventDate "2018.10.14"]
[EventType "team-tourn"]
[EventRounds "11"]
[EventCountry "CZE"]
[SourceTitle "EXT 2022"]
[Source "ChessBase"]
[SourceDate "2021.10.06"]
[SourceVersion "1"]
[SourceVersionDate "2021.10.06"]
[SourceQuality "1"]
[WhiteTeam "Decin"]
[BlackTeam "Udlice"]
[WhiteTeamCountry "CZE"]
[BlackTeamCountry "CZE"]

1. d4 Nf6 2. Nf3 g6 3. Bf4 Bg7 4. e3 0-0 5. h3 b6 6. Nbd2 Bb7 7. Bd3 d6 8. 0-0 c5 9. c3 Nbd7 10. e4 cxd4 11. cxd4 Rc8 12. Qe2 Re8 13. Bh2 e5 14. Nc4 d5 15. Nd6 dxe4 16. Nxe8 Qxe8 17. Nxe5 exd3 18. Qxd3 Nd5 19. Nc4 Nb4 20. Qd2 Rxc4 21. Rfe1 Qc8 0-1

[Event "CZE-chT2A 1718"]
[Site "Czech Republic"]
[Date "2018.04.08"]
[Round "11.6"]
[White "Kalous, Miroslav"]
[Black "Nudcenko, Karel"]
[Result "1/2-1/2"]
[WhiteElo "1981"]
[BlackElo "2061"]
[PlyCount "138"]
[EventDate "2017.10.15"]
[EventType "team-tourn"]
[EventRounds "11"]
[EventCountry "CZE"]
[SourceTitle "EXT 2022"]
[Source "ChessBase"]
[SourceDate "2021.10.06"]
[SourceVersion "1"]
[SourceVersionDate "2021.10.06"]
[SourceQuality "1"]
[WhiteTeam "Praha Bohemians II"]
[BlackTeam "Udlice"]
[WhiteTeamCountry "CZE"]
[BlackTeamCountry "CZE"]

1. d4 Nf6 2. Nf3 g6 3. g3 Bg7 4. Bg2 0-0 5. 0-0 d5 6. b3 c5 7. dxc5 Ne4 8. c3 Nxc3 9. Nxc3 Bxc3 10. Bh6 Re8 11. Rc1 Bf6 12. Ng5 e6 13. Qd2 Bd7 14. Rfd1 Bc6 15. f4 Na6 16. e4 Nc7 17. e5 Be7 18. Qf2 Rc8 19. b4 a5 20. a3 Na6 21. Qb2 Qd7 22. Ne4 axb4 23. axb4 Ba4 24. Rd4 Rc7 25. Nd6 Rb8 26. b5 Nxc5 27. Rxc5 Rxc5 28. Rxa4 Qc7 29. Ra1 Rc2 30. Qd4 Rc1+ 31. Rxc1 Qxc1+ 32. Bf1 Ra8 33. Bg5 Ra1 34. Qf2 Bf8 35. Bd8 d4 36. Bb6 d3 37. Be3 Qc2 38. Qd2 Rd1 39. Qxc2 dxc2 40. Nxb7 c1Q 41. Bxc1 Rxc1 42. Kf2 Bc5+ 43. Nxc5 Rxc5 44. Bd3 Rc3 45. Ke3 Kf8 46. Kd4 Rc8 47. b6 Ke7 48. b7 Rb8 49. Be4 Kd7 50. Ke3 Kc7 51. Kd4 Rd8+ 52. Ke3 Rd1 53. h4 Ra1 54. Kf2 Ra3 55. Kg2 Rb3 56. Kf2 Kd7 57. Kg2 Ke7 58. Bc6 f6 59. exf6+ Kxf6 60. Ba4 Rb4 61. Bc6 Kf5 62. Bf3 Rb3 63. Kf2 h6 64. Ke2 g5 65. hxg5 hxg5 66. fxg5 Kxg5 67. Kd2 Rb6 68. Kd3 e5 69. Bd5 Kg4 1/2-1/2

[Event "CZE-chT2A 1718"]
[Site "Czech Republic"]
[Date "2017.10.15"]
[Round "1.5"]
[White "Eretova, Jana"]
[Black "Nudcenko, Karel"]
[Result "0-1"]
[WhiteElo "1991"]
[BlackElo "2061"]
[PlyCount "110"]
[EventDate "2017.10.15"]
[EventType "team-tourn"]
[EventRounds "11"]
[EventCountry "CZE"]
[SourceTitle "EXT 2022"]
[Source "ChessBase"]
[SourceDate "2021.10.06"]
[SourceVersion "1"]
[SourceVersionDate "2021.10.06"]
[SourceQuality "1"]
[WhiteTeam "Klatovy"]
[BlackTeam "Udlice"]
[WhiteTeamCountry "CZE"]
[BlackTeamCountry "CZE"]

1. e4 e6 2. d3 d5 3. Nd2 Nf6 4. Ngf3 Be7 5. g3 0-0 6. Bg2 c5 7. 0-0 Nc6 8. Re1 Qc7 9. c3 Rd8 10. e5 Nd7 11. Qe2 Nf8 12. h4 b6 13. Nf1 Bb7 14. N1h2 b5 15. Ng4 d4 16. Ng5 Rd7 17. Bf4 dxc3 18. bxc3 b4 19. Ne4 Ng6 20. Ngf6+ gxf6 21. exf6 Nxf4 22. Qg4+ Ng6 23. fxe7 f5 24. Nf6+ Kf7 25. Qg5 h6 26. Qxh6 Rxe7 27. h5 Nce5 28. f4 Rh8 29. Qg5 Bxg2 30. fxe5 Nxe5 31. Kxg2 Qb7+ 32. Kh3 Nxd3 33. Rf1 Kf8 34. Rad1 c4 35. h6 bxc3 36. Rb1 Qc7 37. Nh5 Rg8 38. Qf6+ Rf7 39. Qxc3 Rg5 40. Qh8+ Ke7 41. Nf4 Nxf4+ 42. Rxf4 Rh5+ 43. Rh4 Rxh4+ 44. Kxh4 Qc6 45. Qd4 c3 46. Qxa7+ Kf6 47. Qd4+ Kg6 48. Rc1 c2 49. Qf4 Rd7 50. Qg5+ Kh7 51. Kh5 Qf3+ 52. g4 Qh3+ 53. Qh4 Qd3 54. Qf6 fxg4 55. Rh1 Qd5+ 0-1

[Event "CZE-chT2A 1213"]
[Site "Czech Republic"]
[Date "2013.02.17"]
[Round "9.4"]
[White "Nudcenko, Karel"]
[Black "Cesal, Jaroslav"]
[Result "0-1"]
[WhiteElo "2068"]
[BlackElo "2199"]
[PlyCount "112"]
[EventDate "2012.10.14"]
[EventType "team-tourn"]
[EventRounds "11"]
[EventCountry "CZE"]
[SourceTitle "EXT 2015"]
[Source "ChessBase"]
[SourceDate "2014.11.20"]
[SourceVersion "1"]
[SourceVersionDate "2014.11.20"]
[SourceQuality "1"]
[WhiteTeam "Litvinov Lom"]
[BlackTeam "Kozolupy"]
[WhiteTeamCountry "CZE"]
[BlackTeamCountry "CZE"]

1. e4 g6 2. d4 Bg7 3. Be3 c5 4. c3 Nf6 5. Bd3 cxd4 6. cxd4 0-0 7. Nc3 d5 8. e5 Ng4 9. Nf3 Nc6 10. Qb3 Ngxe5 11. Nxe5 Nxe5 12. dxe5 d4 13. Bf4 Be6 14. Bc4 Bxc4 15. Qxc4 dxc3 16. Qxc3 Rc8 17. Qb4 Qd5 18. 0-0 Qc4 19. Qxc4 Rxc4 20. g3 Rfc8 21. Rfd1 e6 22. Rd7 R4c7 23. Rad1 h6 24. b3 g5 25. Be3 b6 26. f4 g4 27. Kf2 Bf8 28. Ke2 Rc2+ 29. R1d2 Bb4 30. Rd8+ Kg7 31. Rxc8 Rxc8 32. Rd4 Bf8 33. Kd3 Rc7 34. Rc4 Rd7+ 35. Ke4 Rd1 36. Rc1 Rxc1 37. Bxc1 Kg6 38. Be3 h5 39. a4 Bb4 40. Bf2 Ba5 41. Kd3 Kf5 42. Kc4 Ke4 43. b4 Bxb4 44. Kxb4 Kf3 45. Bxb6 axb6 46. Kb5 Kg2 47. Kxb6 Kxh2 48. a5 h4 49. a6 hxg3 50. a7 g2 51. a8Q g1Q+ 52. Kc7 Qc1+ 53. Kd6 Qxf4 54. Qh8+ Kg2 55. Ke7 g3 56. Qf6 Kf3 0-1

[Event "CZE-chT2A 1213"]
[Site "Czech Republic"]
[Date "2012.12.16"]
[Round "5.3"]
[White "Horak, Jiri"]
[Black "Nudcenko, Karel"]
[Result "1/2-1/2"]
[WhiteElo "2209"]
[BlackElo "2068"]
[PlyCount "58"]
[EventDate "2012.10.14"]
[EventType "team-tourn"]
[EventRounds "11"]
[EventCountry "CZE"]
[SourceTitle "EXT 2015"]
[Source "ChessBase"]
[SourceDate "2014.11.20"]
[SourceVersion "1"]
[SourceVersionDate "2014.11.20"]
[SourceQuality "1"]
[WhiteTeam "Most Chess"]
[BlackTeam "Litvinov Lom"]
[WhiteTeamCountry "CZE"]
[BlackTeamCountry "CZE"]

1. d4 d5 2. c4 dxc4 3. e3 Nf6 4. Bxc4 e6 5. Nf3 c5 6. 0-0 Nc6 7. Nc3 a6 8. a3 Be7 9. dxc5 Qxd1 10. Rxd1 Bxc5 11. b4 Be7 12. Bb2 0-0 13. Rd2 b5 14. Bb3 Bb7 15. Rad1 Rfd8 16. Kf1 Rxd2 17. Rxd2 Rd8 18. Ke2 Kf8 19. h3 Rxd2+ 20. Nxd2 a5 21. Nxb5 axb4 22. a4 Na5 23. f3 Ba6 24. Kd3 Nd7 25. Bd4 Nc5+ 26. Bxc5 Bxc5 27. Bc2 Ke7 28. Nb3 Nxb3 29. Bxb3 Bxb5+ 1/2-1/2

[Event "CZE-chT2B 0910"]
[Site "Czech Republic"]
[Date "2010.03.14"]
[Round "9.6"]
[White "Nudcenko, Karel"]
[Black "Jandourek, Lukas"]
[Result "0-1"]
[WhiteElo "2088"]
[BlackElo "2153"]
[PlyCount "136"]
[EventDate "2009.10.18"]
[EventType "team-tourn"]
[EventRounds "11"]
[EventCountry "CZE"]
[SourceTitle "EXT 2012"]
[Source "ChessBase"]
[SourceDate "2011.11.24"]
[SourceVersion "1"]
[SourceVersionDate "2011.11.24"]
[SourceQuality "1"]
[WhiteTeam "Litvinov Lom"]
[BlackTeam "Neratovice"]
[WhiteTeamCountry "CZE"]
[BlackTeamCountry "CZE"]

1. e4 c6 2. Nf3 d5 3. Nc3 Bg4 4. Be2 e6 5. 0-0 Nf6 6. exd5 cxd5 7. d4 Nc6 8. h3 Bh5 9. Bf4 Be7 10. Nb5 Rc8 11. g4 Bg6 12. a4 a6 13. Na3 Qb6 14. Bc1 Na5 15. c3 Qb3 16. Ne5 Nd7 17. Nxg6 hxg6 18. Kg2 Nb6 19. Nb1 Nbc4 20. Nd2 Nxd2 21. Qxd2 Qb6 22. Qe3 Nc4 23. Bxc4 Rxc4 24. f4 Qb3 25. f5 gxf5 26. gxf5 Rc6 27. Qe5 exf5 28. Qxf5 Rg6+ 29. Kh1 Kd8 30. Bf4 Rf6 31. Qd3 Qc4 32. Qe3 Qc8 33. Rf3 Re6 34. Qd3 Re4 35. Kg2 Qe6 36. Raf1 Kd7 37. Bh2 f5 38. Be5 Rh5 39. b3 g5 40. c4 g4 41. Rg3 Rxh3 42. Rxh3 gxh3+ 43. Qxh3 Rg4+ 44. Kf2 Bh4+ 45. Ke2 Rxd4 46. Qxf5 Re4+ 47. Kd3 Rxe5 48. Qxe6+ Kxe6 49. cxd5+ Kxd5 50. Rf7 Be7 51. Rh7 Kc5 52. Rh6 Re3+ 53. Kc2 Bd6 54. Rh4 Be5 55. Rc4+ Kd5 56. Rb4 Rc3+ 57. Kd2 Kc6 58. Re4 Rc5 59. Rh4 b5 60. Rh6+ Bd6 61. axb5+ axb5 62. Rg6 b4 63. Rh6 Rc3 64. Rg6 Rxb3 65. Kc2 Rg3 66. Rh6 b3+ 67. Kb2 Kd5 68. Rh2 Be5+ 0-1

[Event "CZE-chT2B 0910"]
[Site "Czech Republic"]
[Date "2010.01.31"]
[Round "6.6"]
[White "Molnar, Ladislav"]
[Black "Nudcenko, Karel"]
[Result "0-1"]
[WhiteElo "1805"]
[BlackElo "2088"]
[PlyCount "74"]
[EventDate "2009.10.18"]
[EventType "team-tourn"]
[EventRounds "11"]
[EventCountry "CZE"]
[SourceTitle "EXT 2012"]
[Source "ChessBase"]
[SourceDate "2011.11.24"]
[SourceVersion "1"]
[SourceVersionDate "2011.11.24"]
[SourceQuality "1"]
[WhiteTeam "Karlovy Vary II"]
[BlackTeam "Litvinov Lom"]
[WhiteTeamCountry "CZE"]
[BlackTeamCountry "CZE"]

1. e4 e6 2. d4 d5 3. exd5 exd5 4. Bd3 Bd6 5. Ne2 Nf6 6. Bf4 0-0 7. 0-0 Re8 8. Bxd6 Qxd6 9. c3 b6 10. Ng3 c5 11. dxc5 bxc5 12. Nd2 Ba6 13. Nf3 Nbd7 14. c4 Ne5 15. Nxe5 Qxe5 16. b3 d4 17. Qd2 Bb7 18. Rae1 Qc7 19. f3 a5 20. Nf5 g6 21. Qg5 Nh5 22. Nh6+ Kf8 23. Ng4 Qd6 24. Qh6+ Kg8 25. Qd2 Nf4 26. Nf2 f5 27. Rxe8+ Rxe8 28. Qxa5 Re3 29. Rd1 Qe7 30. h3 Nxg2 31. Bxf5 gxf5 32. Kxg2 Bxf3+ 33. Kf1 Qg5 34. Ng4 fxg4 35. Rd2 gxh3 36. Qc7 Bg2+ 37. Rxg2 Qxg2# 0-1

[Event "CZE-chT2B 0910"]
[Site "Czech Republic"]
[Date "2009.10.18"]
[Round "1.7"]
[White "Nudcenko, Karel"]
[Black "Pribyl, Jakub"]
[Result "0-1"]
[WhiteElo "2088"]
[BlackElo "2134"]
[PlyCount "80"]
[EventDate "2009.10.18"]
[EventType "team-tourn"]
[EventRounds "11"]
[EventCountry "CZE"]
[SourceTitle "EXT 2012"]
[Source "ChessBase"]
[SourceDate "2011.11.24"]
[SourceVersion "1"]
[SourceVersionDate "2011.11.24"]
[SourceQuality "1"]
[WhiteTeam "Litvinov Lom"]
[BlackTeam "Usti nad Labem"]
[WhiteTeamCountry "CZE"]
[BlackTeamCountry "CZE"]

1. e4 e5 2. Nf3 Nc6 3. Bb5 a6 4. Bxc6 dxc6 5. 0-0 f6 6. d4 exd4 7. Nxd4 c5 8. Nf3 Qxd1 9. Rxd1 Bd7 10. Be3 0-0-0 11. Nbd2 Bd6 12. Nc4 Bc6 13. Nxd6+ cxd6 14. Nd2 Ne7 15. Nc4 Kc7 16. Bf4 Nc8 17. f3 b5 18. Ne3 Rd7 19. c4 Rhd8 20. Rac1 Kb7 21. Rd2 g6 22. Rcd1 Kc7 23. Kf2 h5 24. h4 Rf8 25. Nd5+ Bxd5 26. Rxd5 Kc6 27. cxb5+ axb5 28. a3 Rfd8 29. b3 Nb6 30. R5d2 d5 31. exd5+ Rxd5 32. g4 c4 33. bxc4 Nxc4 34. Rxd5 Rxd5 35. Rxd5 Kxd5 36. Bc1 Kd4 37. f4 f5 38. gxh5 gxh5 39. Ke2 Kc3 40. Kd1 Kd3 0-1

[Event "CZE-chT2b 0607"]
[Site "Czech Republic"]
[Date "2006.11.19"]
[Round "3"]
[White "Vanka, Miloslav"]
[Black "Nudcenko, Karel"]
[Result "1/2-1/2"]
[WhiteElo "2194"]
[BlackElo "2115"]
[PlyCount "61"]
[EventDate "2006.10.15"]
[EventType "team"]
[EventRounds "11"]
[EventCountry "CZE"]
[SourceTitle "EXT 2009"]
[Source "ChessBase"]
[SourceDate "2008.11.26"]
[SourceVersion "1"]
[SourceVersionDate "2008.11.26"]
[SourceQuality "1"]

1. d4 d5 2. Nf3 Nf6 3. Bg5 e6 4. e3 Nbd7 5. Bd3 c5 6. c3 Qb6 7. Qc2 c4 8. Be2 Ne4 9. Bf4 Be7 10. Nbd2 Ndf6 11. Ne5 Nxd2 12. Qxd2 Ne4 13. Qc2 f6 14. Bh5+ Kf8 15. Nf7 Rg8 16. f3 Nd6 17. Bxd6 Bxd6 18. Qxh7 Qc7 19. Qg6 Bxh2 20. 0-0-0 Bd7 21. Nd8 Ke7 22. Qf7+ Kd6 23. Qxg8 Rxd8 24. Qxg7 Kc6 25. Rxh2 Qxh2 26. Qe7 Kc7 27. Bf7 Qh6 28. f4 f5 29. Qc5+ Kb8 30. Qe7 Kc7 31. Qc5+ 1/2-1/2

[Event "CZE-chT2b 0607"]
[Site "Czech Republic"]
[Date "2006.11.05"]
[Round "2"]
[White "Nudcenko, Karel"]
[Black "Vanko, Jiri"]
[Result "1/2-1/2"]
[WhiteElo "2115"]
[BlackElo "2150"]
[PlyCount "116"]
[EventDate "2006.10.15"]
[EventType "team"]
[EventRounds "11"]
[EventCountry "CZE"]
[SourceTitle "EXT 2009"]
[Source "ChessBase"]
[SourceDate "2008.11.26"]
[SourceVersion "1"]
[SourceVersionDate "2008.11.26"]
[SourceQuality "1"]

1. e4 c5 2. c3 d5 3. exd5 Qxd5 4. d4 e6 5. Nf3 Nc6 6. Be2 cxd4 7. cxd4 Nf6 8. Nc3 Qd8 9. 0-0 Be7 10. Bf4 0-0 11. Rc1 b6 12. Qa4 Bb7 13. Rfd1 Nb4 14. Ne5 a6 15. a3 b5 16. Qb3 Nbd5 17. Nxd5 Bxd5 18. Qg3 Ne4 19. Qe3 Rc8 20. Bf3 Nf6 21. Rxc8 Qxc8 22. Rc1 Qb7 23. Nc6 Bxf3 24. Nxe7+ Qxe7 25. Qxf3 Qd7 26. Be5 Nd5 27. Qd3 Rc8 28. Rc5 Rd8 29. a4 f6 30. Bg3 Nb4 31. Qc3 Qxd4 32. h3 Qxc3 33. bxc3 Nd5 34. c4 bxc4 35. Rxc4 e5 36. Rc6 Nb4 37. Rb6 a5 38. Rb5 Rd5 39. f4 e4 40. f5 Rxb5 41. axb5 Nd5 42. Bd6 Kf7 43. Kf2 Ke8 44. g4 Kd7 45. Bc5 g6 46. fxg6 hxg6 47. h4 a4 48. h5 gxh5 49. gxh5 f5 50. h6 Nf4 51. Ke3 Ng6 52. Kd4 Ke6 53. h7 Kd7 54. Kd5 a3 55. Bxa3 e3 56. Bc5 e2 57. Bf2 Kc7 58. Ke6 Nf8+ 1/2-1/2